Statistics for All Country Flags of the World by Capital - Before Picture Quizzes

Click here to take the quiz!

General Stats

  • This quiz has been taken 4,909 times
    (4,406 since last reset)
  • The average score is 126 of 196

Answer Stats

FlagCapital% Correct
Bern
89%
Brasilia
87%
Mexico City
86%
Wellington
85%
Tokyo
84%
Washington, D.C.
84%
Berlin
83%
Stockholm
83%
New Delhi
82%
Oslo
82%
Ottawa
82%
Prague
82%
Rome
82%
Ankara
80%
Moscow
80%
Seoul
80%
Zagreb
80%
Cairo
78%
Kiev
78%
Pyongyang
78%
Caracas
77%
Pretoria, Bloemfontein, Cape Town
77%
Reykjavik
77%
Sarajevo
77%
Brussels
76%
Montevideo
76%
Vienna
76%
Warsaw
76%
Canberra
75%
Dublin
75%
Jerusalem
75%
Lisbon
75%
Luxembourg
75%
Panama City
75%
Vatican City
75%
Budapest
74%
Buenos Aires
74%
Kuala Lumpur
74%
Vaduz
74%
Athens
73%
Madrid
73%
Nairobi
73%
Paris
73%
Riyadh
73%
Astana / NurSultan
72%
Havana
72%
Nicosia
72%
Amsterdam
71%
Baku
71%
Bratislava
71%
Damascus
71%
Hanoi
71%
Kuwait City
71%
Beirut
70%
Tunis
70%
Beijing
69%
Bishkek
69%
Guatemala City
69%
Kathmandu
69%
Riga
69%
Taipei
69%
Helsinki
68%
Minsk
68%
Sucre, La Paz
68%
Valletta
68%
Brazzaville
67%
Bucharest
67%
Copenhagen
67%
Islamabad
67%
Kingston
67%
Lima
67%
Ljubljana
67%
London
67%
Sofia
67%
Tashkent
67%
Andorra la Vella
66%
Asunción
66%
Harare
66%
Port Moresby
66%
Pristina
66%
Quito
66%
Santiago
66%
Tallinn
66%
Tripoli
66%
Ulaanbaatar
66%
Abu Dhabi
65%
Bógota
65%
Chișinău
65%
Jakarta
65%
Singapore
65%
Tehran
65%
Tirana
65%
Victoria
65%
Vilnius
65%
Bangkok
64%
Belmopan
64%
Georgetown
64%
Kabul
64%
Maputo
64%
Rabat
64%
San Marino
64%
Yerevan
64%
Malé
63%
Sana'a
63%
San Salvador
63%
Sri Jayawardenepura Kotte
63%
Tbilisi
63%
Algiers
62%
Belgrade
62%
Bridgetown
62%
Djibouti
62%
Dodoma
62%
Doha
62%
Lusaka
62%
Manila
62%
Mbabane
62%
Thimphu
62%
Abuja
61%
Monrovia
61%
Port-au-Prince
61%
Vientiane
61%
Addis Ababa
60%
Antananarivo
60%
Bandar Seri Begawan
60%
Dhaka
60%
Freetown
60%
Luanda
60%
Mogadishu
60%
Monaco
60%
Muscat
60%
Naypyidaw
60%
Santo Domingo
60%
Skopje
60%
Baghdad
59%
Gaborone
59%
Kinshasa
59%
Managua
59%
Nassau
59%
Suva
59%
Yamoussoukro
59%
Ashgabat
58%
Niamey
58%
Podgorica
58%
Tegucigalpa
58%
Windhoek
58%
Yaoundé
58%
Kampala
57%
Kigali
57%
Lilongwe
57%
San José
57%
Dushanbe
56%
Juba
56%
Ouagadougou
56%
Phnom Penh
56%
Port-of-Spain
56%
Praia
56%
Dili
55%
Khartoum
55%
Bissau
54%
Paramaribo
54%
Porto-Novo, Cotonou
54%
Saint John's
54%
Bangui
53%
Castries
53%
Kingstown
53%
Manama
53%
Nouakchott
53%
Port Louis
53%
Port Vila
53%
Roseau
53%
Amman
52%
Conakry
52%
Gitega
52%
Libreville
52%
South Tarawa
52%
Yaren
52%
Accra
51%
Asmara
51%
Dakar
51%
Maseru
51%
Funafuti
50%
Ngerulmud
50%
Basseterre
49%
Lomé
49%
Malabo
49%
Nuku'alofa
49%
Moroni
48%
N'Djamena
48%
Banjul
47%
Majuro
47%
Saint George's
47%
Apia
46%
São Tomé
46%
Palikir
44%
Bamako
42%
Honiara
42%

Score Distribution

Percentile by Number Answered

Percent of People with Each Score

Your Score History

You have not taken this quiz since the last reset